00649nam a22001937a 450000500170000000800410001702000180005804100120007608200160008810000350010424500460013926000550018530000080024036500180024865000120026694200070027899900190028595201510030420250822144945.0250820b |||||||| |||| 00| 0 eng d a9788195236978 aMarathi a891.46bBAR aBarthwal Harishchandra9212684 aBharat Ekatmata Stotra: Sachitra Darshan  aPunebBhartiya Vichar Sadhana Pune Prakashanc2021 a135 b210.00cRs.00 aGeneral cBK c367310d367310 00102ddc4070aSOFTbSOFTd2025-08-13eBhartiya Vichar Sadhna Foundationg210.00o891.46 BARpSOFT-BK-4460r2025-08-20 00:00:00t30%v300.00yBK